000 00496nam a2200181Ia 4500
001 10209
005 20260306161815.0
008 260306t1969||||xx |||||||||||||| ||spa||
041 _aESP
082 _a909
_bR42
100 _aRiquer, Martín de
_eAUT
245 0 _aReportaje de la historia:
_b136 relatos de testigos presenciales sobre hechos ocurridos en 25 siglos. 1
260 _c1969
300 _a598 páginas :
_c25 cm.
650 _aGEN
654 _aCHU
942 _cLIB
_dJUS
_fJUS
_2ddc
_n
999 _c10209
_d10209